Entry Nombre personal
001 - NÚMERO DE CONTROL
- campo de control: 18163
003 - IDENTIFICADOR DE NÚMERO DE CONTROL
- campo de control: SpMaBN
005 - FECHA Y HORA DE LA ÚLTIMA TRANSACCIÓN
- campo de control: 20230618181940.0
008 - ELEMENTOS DE DATO DE LONGITUD-FIJA
- campo de control de longitud fija: 901120n| aijnnaabn a aaa
016 ## - NÚMERO DE CONTROL DE UNA AGENCIA BIBLIOGRÁFICA NACIONAL
- Número de control del registro: BNE19900546027
024 7# - IDENTIFICADOR DE OTROS ESTÁNDARES
- Número estándar o código: http://viaf.org/viaf/29640621/
- Fuente: viaf
024 7# - IDENTIFICADOR DE OTROS ESTÁNDARES
- Número estándar o código: https://isni.org/isni/0000000116139304
- Fuente: isni
024 7# - IDENTIFICADOR DE OTROS ESTÁNDARES
- Número estándar o código: http://www.wikidata.org/entity/Q105987783
- Fuente: wikidata
040 ## - FUENTE DE CATALOGACIÓN
- Centro catalogador/agencia de origen: SpMaBN
- Lengua de catalogación: spa
- Centro/agencia transcriptor: SpMaBN
- Normas de descripción: rdc
- Convención/Normas de encabezamiento de materia/tesauro: embne
- Centro/agencia modificador: ES-MaACL
046 ## - FECHAS CON CODIFICACIÓN ESPECIAL
- Fecha de nacimiento: 1951
100 1# - ENCABEZAMIENTO-NOMBRE DE PERSONA
- Nombre de persona: Abril, Gonzalo,
- Fechas asociadas al nombre: 1951-
370 ## - LUGAR ASOCIADO
- Lugar de nacimiento: España, Castilla y León, Palencia (Provincia), Palencia
- Fuente del término: embne
372 ## - CAMPO DE ACTIVIDAD
- Campo de actividad: Periodismo
- Fuente del término: embne
374 ## - OCUPACIÓN
- Ocupación: Profesores universitarios
- Fuente del término: embne
375 ## - GÉNERO/SEXO
- Género: Masculino
377 ## - IDIOMA ASOCIADO
- Término de lengua/lenguaje: Español
400 1# - TRAZADO DE VÉASE--NOMBRE DE PERSONA
- Nombre de persona: Abril Curto, Gonzalo,
- Fechas asociadas al nombre: 1951-
670 ## - FUENTE DE DATOS ENCONTRADOS
- Cita de la fuente: Análisis del discurso, de Jorge Lozano, Cristina Peña-Marín, Gonzalo Abril, 1989;
- Información encontrada: v. port. (Gonzalo Abril Curto)
670 ## - FUENTE DE DATOS ENCONTRADOS
- Cita de la fuente: Llamada telefónica, 11-2-92;
- Información encontrada: (Gonzalo Abril Curto; n. 1951)
670 ## - FUENTE DE DATOS ENCONTRADOS
- Cita de la fuente: Presunciones II, 2003;
- Información encontrada: port. (Gonzalo Abril) solapa (palentino; catedrático de Teoría de la Información en la Univ. Complutense)
670 ## - FUENTE DE DATOS ENCONTRADOS
- Cita de la fuente: WWW Bn España aut., 28-6-2023;
- Información encontrada: (Abril, Gonzalo 1951-)
856 4# - LOCALIZACIÓN Y ACCESO ELECTRÓNICOS
- Identificador Uniforme de Recursos: http://dialnet.unirioja.es/servlet/autorExterno/BNE/972959
955 ## - CATALOGADOR - EDICIÓN
- Nombre del catalogador: Julia Mas Vieira
